Assessment of partnership firms 1999 (Record no. 401374)

000 -LEADER
fixed length control field 00338cam a22001217a 4500
008 - FIXED-LENGTH DATA ELEMENTS--GENERAL INFORMATION
fixed length control field 180718b2000 xxu||||| |||| 00| 0 eng d
082 ## - DEWEY DECIMAL CLASSIFICATION NUMBER
Classification number L2 As74
245 ## - TITLE STATEMENT
Title Assessment of partnership firms 1999
260 ## - PUBLICATION, DISTRIBUTION, ETC.
Place of publication, distribution, etc. Delhi
Name of publisher, distributor, etc. Directorate of Income Tax
Date of publication, distribution, etc. 2000
300 ## - PHYSICAL DESCRIPTION
Extent 33p.
440 ## - SERIES STATEMENT/ADDED ENTRY--TITLE
Title Tax payers information series; 15
650 ## - SUBJECT ADDED ENTRY--TOPICAL TERM
Topical term or geographic name entry element Tatxation
Holdings
Withdrawn status Lost status Source of classification or shelving scheme Damaged status Not for loan Permanent Location Current Location Date acquired Full call number Barcode Date last seen Price effective from Koha item type
          Indian Institute of Public Administration Indian Institute of Public Administration 2003-06-06 L2 As74 GR-21251 2018-07-21 2018-07-21 GR

Powered by Koha